The politics of Latino faith (Record no. 23132)
[ view plain ]
| 000 -LEADER | |
|---|---|
| fixed length control field | 01811nam a2200361 a 4500 |
| 082 04 - DEWEY DECIMAL CLASSIFICATION NUMBER | |
| Classification number | 361.7/508968073 |
| 100 1# - MAIN ENTRY--AUTHOR NAME | |
| Personal name | Wilson, Catherine E. |
| 245 14 - TITLE STATEMENT | |
| Title | The politics of Latino faith |
| 260 ## - PUBLICATION, DISTRIBUTION, ETC. (IMPRINT) | |
| Place of publication | New York : |
| Name of publisher | New York University Press, |
| Year of publication | c2008. |
| 300 ## - PHYSICAL DESCRIPTION | |
| Number of Pages | ix, 291 p. |
| 505 0# - FORMATTED CONTENTS NOTE | |
| Formatted contents note | The development of a religious identity politics -- Latino faith-based organizations and the urban context -- The new liberationists -- Latino pastoral action center : a ministry of personal outreach -- Nueva esperanza : a ministry of institutional development -- The resurrection project : a ministry of community empowerment -- Speaking the language of religious identity politics. |
| 650 #0 - SUBJECT ADDED ENTRY--TOPICAL TERM | |
| Topical Term | Church work with Hispanic Americans. |
| Topical Term | Hispanic Americans |
| 856 40 - ELECTRONIC LOCATION AND ACCESS | |
| Uniform Resource Identifier | http://site.ebrary.com/lib/rucke/Doc?id=10268973 |
No items available.
